| 000 | 00827nam a2200277 i 4500 | ||
|---|---|---|---|
| 003 | DO-SdBNP | ||
| 005 | 20260417092934.0 | ||
| 007 | ta | ||
| 008 | 260417b sp ||||| |||| 00| 0 spa d | ||
| 020 | _a9788498988256 | ||
| 040 |
_aDO-SdBNP _bspa _cBNPHU _erda |
||
| 041 | _aspa | ||
| 082 | 4 |
_axxx _bxxx _222 |
|
| 100 | 1 |
_aMármol, José, _d1960- _eautor _4aut. _96454 |
|
| 245 | 1 | 0 |
_aLenguaje del mar / _cJosé Mármol |
| 264 | 4 |
_aMadrid, España : _bVisor Libros, _c©2012. |
|
| 300 |
_a68 páginas ; _c20 cm. |
||
| 336 |
_atexto _btxt _2rdacontent |
||
| 337 |
_asin mediación _bn _2rdamedia |
||
| 338 |
_avolumen _bnc _2rdacarrier |
||
| 490 |
_aColección Visor de Poesía _v825 |
||
| 586 | _aXII Premio Casa de América de Poesía Americana | ||
| 590 | _aInventariado, 2025/BT | ||
| 910 | _aBtavárez | ||
| 942 |
_2ddc _cLBS1 |
||
| 999 |
_c60571 _d60571 |
||